000 00715 a2200205 4500
999 _c6534
_d6534
020 _a0697013723
050 0 0 _aQR41.2PRE1990
100 1 _aPrescott, Lansing M.
245 1 0 _aMicrobiology /
_cLansing M. Prescott, John P. Harley, Donald A. Klein.
250 _a2nd ed.
264 _aAustralia:
_bW.M.C.Brown publihers,
_c1990
300 _a3 v. in 1 (xxxii, 912, [100] p. in various pagings) :
_bill. (some col.) ;
500 _aincludes index
504 _aIncludes bibliographical references and index.
650 0 _aMicrobiology.
700 1 _aHarley, John P.
700 1 _aKlein, Donald A.,
_d1935-
942 _2lcc
_cBK
_h41.2
_iPRE
_kQR